000 00562nam a2200169Ia 4500
008 140609s9999 xx 000 0 und d
020 _a9780521684958
050 _aP 380
_b.An53 2008
245 4 _aThe ancient languages of Europe /
_cedited by Roger D. Woodard
260 _aCambridge ; New York :
_bCambridge University Press,
_cc2008.
300 _a260 p. :
_bill., maps. ;
_c25 cm.
500 _aIncludes bibliographical references, appendices and index.
521 _aGE
650 _aEurope
_xLanguages --History.
942 _kFOR
_cBK
999 _c118217
_d118217